000 00643nam a2200229Ia 4500
003 GCL
008 140319s9999 xx 000 0 ara d
040 _aGCL /
_cGCL
082 0 4 _a812
_bا ى
100 1 _aمحمد مندور
245 1 0 _aياجوج وماجوج /
_cمحمد مندور
700 1 _aارو، جبرييل
700 1 _aلطفى فام
700 1 _aحسن نديم
300 _a192 ص
490 _aالالف كتاب
_v0
650 0 4 _aالادب العربى
650 0 4 _aالمسرحية العربية
650 0 4 _aالدراما
650 0 4 _aالمسرحيات - تاريخ ونقد
942 _2ddc
_cBK
999 _c49771
_d49771